000 00355nam a2200157 4500
005 20260216130428.0
008 CU66
020 _a8182810485
050 _aHF 5549.5C67 VIJ
100 _aVIJAYALAKSHMI, V.
245 _aCOMPENSATION MANAGEMENT
260 _aNEW DELHI
_bV
_c2006
300 _aXIV,191p.,TABLES
500 _aREFERENCES
942 _2lcc
_cBK
_n0
999 _c8718
_d8718